[Event "Bayerische EM 2022 - Allgemeine Gruppe"]
[Site "Rosenheim"]
[Date "2022.08.21"]
[Round "1.1"]
[White "Kolb, Tobias"]
[Black "Fuchs, Michael"]
[Result "1-0"]
[WhiteElo "2355"]
[BlackElo "2049"]
[PlyCount "95"]
[EventDate "2022.??.??"]
[WhiteTeam "SC Bamberg"]
[BlackTeam "DJK SF Haselbach"]

1. d4 Nf6 2. c4 g6 3. Nc3 Bg7 4. e4 d6 5. Be2 e5 6. d5 Nbd7 7. Nf3 Nc5 8. Qc2
a5 9. h3 Nh5 10. Bg5 f6 11. Be3 Nf4 12. Bf1 O-O 13. g3 Nh5 14. Nd2 f5 15. Be2
f4 16. Bxc5 dxc5 17. g4 f3 18. Bxf3 Nf4 19. h4 g5 20. h5 Qf6 21. O-O-O Bd7 22.
a4 Rf7 23. Rdg1 Bf8 24. Rg3 h6 25. Nf1 Ra6 26. Ne3 Rb6 27. b3 Bd6 28. Kb2 Ra6
29. Ka2 Ra8 30. Rd1 Ra6 31. Qd2 Ra8 32. Re1 Ra6 33. Bd1 Ra8 34. Rf3 b6 35. Bc2
Rd8 36. Rg1 Re8 37. Bb1 Ref8 38. Nf5 Re8 39. Qc2 Rb8 40. Ne3 Rbf8 41. Ne2 Nxe2
42. Rxf6 Rxf6 43. Rg2 Rxf2 44. Rxf2 Rxf2 45. Kb2 Kh7 46. Qd2 Bf8 47. Bc2 Rh2
48. Bd1 1-0

[Event "Bayerische EM 2022 - Allgemeine Gruppe"]
[Site "Rosenheim"]
[Date "2022.08.21"]
[Round "1.2"]
[White "Donegani, Peter"]
[Black "Miller, Eduard"]
[Result "0-1"]
[WhiteElo "2040"]
[BlackElo "2353"]
[PlyCount "96"]
[EventDate "2022.??.??"]
[WhiteTeam "SG Traunstein/Traunreut"]
[BlackTeam "SC Erlangen"]

1. e4 c5 2. Nf3 d6 3. d4 cxd4 4. Nxd4 Nf6 5. Nc3 g6 6. Be3 Bg7 7. f3 O-O 8. Qd2
Nc6 9. O-O-O d5 10. Qe1 e5 11. Nxc6 bxc6 12. exd5 Nxd5 13. Bc4 Be6 14. Kb1 Re8
15. Ne4 f5 16. Ng5 Bc8 17. h4 h6 18. Ne4 Be6 19. Nc5 Bf7 20. g4 e4 21. fxe4 Qb6
22. Bb3 Nxe3 23. Qxe3 Rxe4 24. Bxf7+ Kxf7 25. Qb3+ Qxb3 26. axb3 Rxg4 27. Rd7+
Kg8 28. Rc7 Rf8 29. Ne6 Rf7 30. Rc8+ Kh7 31. Ng5+ hxg5 32. hxg5+ Bh6 33. Rxh6+
Kg7 34. Rhh8 Rg1+ 35. Ka2 Rxg5 36. Rhg8+ Kf6 37. Rxc6+ Ke5 38. Rgxg6 Rxg6 39.
Rxg6 f4 40. c4 f3 41. Rg1 f2 42. Rf1 Kd4 43. Ka3 Ke3 44. c5 Ke2 45. Rxf2+ Rxf2
46. Kb4 Kd3 47. Kb5 Rxb2 48. b4 Kd4 0-1

[Event "Bayerische EM 2022 - Allgemeine Gruppe"]
[Site "Rosenheim"]
[Date "2022.08.21"]
[Round "1.3"]
[White "Vuckovic, Zarko"]
[Black "Höller, Armin"]
[Result "1-0"]
[WhiteElo "2286"]
[BlackElo "2045"]
[PlyCount "77"]
[EventDate "2022.??.??"]
[WhiteTeam "SF Augsburg"]
[BlackTeam "SK Weilheim"]

1. e4 e5 2. Nf3 Nc6 3. Bb5 a6 4. Ba4 Nf6 5. O-O Be7 6. Re1 b5 7. Bb3 d6 8. c3
O-O 9. h3 Nb8 10. d4 Nbd7 11. Nbd2 Bb7 12. Bc2 Re8 13. Nf1 Bf8 14. Ng3 g6 15.
Bg5 h6 16. Bd2 Bg7 17. b3 Rc8 18. d5 c6 19. c4 cxd5 20. cxd5 Qc7 21. Rc1 Qb6
22. Bb1 b4 23. Be3 Nc5 24. Nd2 a5 25. Nc4 Qc7 26. f4 Nfd7 27. f5 Nf6 28. Qf3
Rf8 29. Nxe5 Nxd5 30. exd5 Bxe5 31. Bxh6 Bd4+ 32. Kh1 Rfe8 33. Qg4 Bc3 34. fxg6
Rxe1+ 35. Rxe1 f5 36. Qxf5 Bxe1 37. g7 Bxg3 38. Qh7+ Kf7 39. g8=Q+ 1-0

[Event "Bayerische EM 2022 - Allgemeine Gruppe"]
[Site "Rosenheim"]
[Date "2022.08.21"]
[Round "1.4"]
[White "Albert, Markus"]
[Black "Schulz, Lukas"]
[Result "0-1"]
[WhiteElo "2024"]
[BlackElo "2271"]
[PlyCount "86"]
[EventDate "2022.??.??"]
[WhiteTeam "SC Ansbach"]
[BlackTeam "SC Erlangen"]

1. e4 c5 2. Nf3 d6 3. d4 cxd4 4. Nxd4 Nf6 5. Nc3 g6 6. f4 Nbd7 7. Be3 Bg7 8.
Qf3 O-O 9. O-O-O a6 10. g4 Nc5 11. h3 Nfd7 12. Be2 e5 13. Nb3 Nxb3+ 14. axb3
exf4 15. Bxf4 Ne5 16. Qe3 Be6 17. Rd2 Rc8 18. Rhd1 Rc6 19. Rd4 Qb8 20. Qd2 Rd8
21. Nd5 Rd7 22. Kb1 Bxd5 23. Rxd5 Qe8 24. Qa5 Qe6 25. Qa4 Rdc7 26. Qa3 Rd7 27.
Qb4 h6 28. Qd2 Kh7 29. Qb4 Qe7 30. Qa3 Qe6 31. Qb4 Qe7 32. Qa3 Rd8 33. Qa5 Rdc8
34. R1d2 Qh4 35. Bf1 Qe1+ 36. Rd1 Qf2 37. Bxe5 Qxc2+ 38. Ka2 Bxe5 39. R1d2 Qxe4
40. Bd3 Qh1 41. Bc4 b5 42. Rxe5 dxe5 43. Bd5 Qe1 0-1

[Event "Bayerische EM 2022 - Allgemeine Gruppe"]
[Site "Rosenheim"]
[Date "2022.08.21"]
[Round "1.5"]
[White "Niedermeier, Thomas"]
[Black "Bunk, Wolfgang"]
[Result "1-0"]
[WhiteElo "2253"]
[BlackElo "2011"]
[PlyCount "69"]
[EventDate "2022.??.??"]
[WhiteTeam "SV Ilmmünster"]
[BlackTeam "SC Bavaria Regensburg von 1881"]

1. e4 d5 2. exd5 Qxd5 3. Nc3 Qa5 4. d4 Nf6 5. Nf3 Bf5 6. Bc4 e6 7. Bd2 Bb4 8.
a3 Bxc3 9. Bxc3 Qb6 10. O-O Nbd7 11. a4 a5 12. d5 exd5 13. Re1+ Be6 14. Bxd5
O-O 15. Bxe6 fxe6 16. Qd4 Rfe8 17. Qh4 Qc5 18. Ne5 Nf8 19. Nd3 Qe7 20. Nf4 Qf7
21. Qg3 b6 22. Re5 Rad8 23. Rae1 Nd5 24. Nxd5 Ng6 25. Ne3 Nxe5 26. Qxe5 Rd6 27.
Ng4 Qg6 28. Ne3 Rf8 29. h4 Rc6 30. h5 Qf7 31. Qg3 Rc5 32. h6 g6 33. Ng4 Rf5 34.
Bg7 Rd8 35. Qc3 1-0

[Event "Bayerische EM 2022 - Allgemeine Gruppe"]
[Site "Rosenheim"]
[Date "2022.08.21"]
[Round "1.6"]
[White "Luhn, Robert"]
[Black "Reimann, Sebastian"]
[Result "0-1"]
[WhiteElo "1989"]
[BlackElo "2252"]
[PlyCount "82"]
[EventDate "2022.??.??"]
[WhiteTeam "SK Caissa Augsburg"]
[BlackTeam "SK Kriegshaber"]

1. d4 Nf6 2. Nf3 e6 3. c4 d5 4. Nc3 Bb4 5. Bg5 h6 6. Bh4 O-O 7. e3 Nbd7 8. Bd3
dxc4 9. Bxc4 a6 10. O-O b5 11. Bb3 Bb7 12. Qe2 Be7 13. Rad1 Ne4 14. Bxe7 Qxe7
15. Bc2 Nxc3 16. bxc3 Bd5 17. Bb1 c5 18. Rfe1 Rfd8 19. Nd2 Bb7 20. Qh5 Rac8 21.
f4 Nf6 22. Qh4 cxd4 23. cxd4 Kf8 24. Qh3 Rc3 25. Qh4 Nd5 26. Qf2 Nb6 27. Nf3
Bxf3 28. Qxf3 Nc4 29. Qe4 f5 30. Qf3 Nb6 31. g4 fxg4 32. Qxg4 Nd5 33. Qf3 Qf6
34. Be4 Nb6 35. f5 exf5 36. Qh5 Nc4 37. Bxf5 Nxe3 38. Rf1 Nxf1 39. Rxf1 Qg5+
40. Qxg5 hxg5 41. Bg6+ Ke7 0-1

[Event "Bayerische EM 2022 - Allgemeine Gruppe"]
[Site "Rosenheim"]
[Date "2022.08.21"]
[Round "1.7"]
[White "Schmid, Roland"]
[Black "Weiß, Thomas"]
[Result "1-0"]
[WhiteElo "2233"]
[BlackElo "1970"]
[PlyCount "77"]
[EventDate "2022.??.??"]
[WhiteTeam "Post Regensburg"]
[BlackTeam "DJK-Regensburg Nord"]

1. Nf3 d5 2. d4 e6 3. c4 a6 4. cxd5 exd5 5. Nc3 c6 6. Bf4 Bd6 7. Bg3 Ne7 8. e3
Nf5 9. Bd3 O-O 10. Qc2 g6 11. Rb1 Re8 12. b4 Bxg3 13. hxg3 Nd6 14. Na4 Bf5 15.
Bxf5 Nxf5 16. Nc5 Qe7 17. g4 Nd6 18. Ne5 f6 19. Nf3 Nd7 20. O-O Nb6 21. Rfe1
Nbc4 22. Rbc1 Ne4 23. Nxe4 Qxe4 24. g5 Kg7 25. gxf6+ Kxf6 26. Qe2 Re6 27. Nd2
Nxd2 28. Qxd2 h5 29. a4 h4 30. f3 Qf5 31. e4 Qh5 32. Qf4+ Kg7 33. Qc7+ Kh6 34.
Qxb7 Rf8 35. Rxc6 Ree8 36. Rc7 Rh8 37. Qxa6 h3 38. Qd6 hxg2 39. Qf4+ 1-0

[Event "Bayerische EM 2022 - Allgemeine Gruppe"]
[Site "Rosenheim"]
[Date "2022.08.21"]
[Round "1.8"]
[White "Steinhauer, Artur"]
[Black "Lohvinov, Petro"]
[Result "0-1"]
[WhiteElo "1920"]
[BlackElo "2232"]
[PlyCount "88"]
[EventDate "2022.??.??"]
[WhiteTeam "SC Bavaria Regensburg von 1881"]
[BlackTeam "SK München Südost"]

1. e4 c5 2. Nf3 e6 3. d4 cxd4 4. Nxd4 a6 5. Bd3 Bc5 6. Nb3 Be7 7. Nc3 d6 8. O-O
Nf6 9. Qe2 Nbd7 10. f4 Qc7 11. Bd2 b6 12. Rae1 Bb7 13. e5 Nd5 14. Nxd5 Bxd5 15.
Bc3 b5 16. Qg4 dxe5 17. fxe5 g6 18. Qf4 O-O 19. Be4 Nb6 20. Rf3 Bxe4 21. Rxe4
Rad8 22. Qh6 Rd1+ 23. Be1 f5 24. exf6 Rxf6 25. Rxf6 Bxf6 26. Rxe6 Qf7 27. Qe3
Nc4 28. Qe2 Nxb2 29. Re3 b4 30. Rf3 Kg7 31. Rf1 Qe7 32. Qf2 a5 33. Bd2 Rxf1+
34. Kxf1 Nc4 35. Be1 a4 36. Nc1 Ne3+ 37. Kg1 Nxc2 38. Kf1 Ne3+ 39. Kg1 Nc2 40.
Kf1 Qxe1+ 41. Qxe1 Nxe1 42. Kxe1 Bb2 43. Nd3 b3 44. axb3 a3 0-1

[Event "Bayerische EM 2022 - Allgemeine Gruppe"]
[Site "Rosenheim"]
[Date "2022.08.21"]
[Round "1.9"]
[White "Kleibel, Uwe"]
[Black "Fuchs, Florian"]
[Result "1-0"]
[WhiteElo "2183"]
[BlackElo "1887"]
[PlyCount "85"]
[EventDate "2022.??.??"]
[WhiteTeam "SC Bavaria Regensburg von 1881"]
[BlackTeam "DJK SF Haselbach"]

1. d4 Nf6 2. c4 e6 3. Nf3 b6 4. g3 Ba6 5. b3 Bb4+ 6. Bd2 Be7 7. Bg2 c6 8. O-O
d5 9. Qc2 Nbd7 10. Bf4 O-O 11. Nbd2 Bb7 12. e4 dxe4 13. Nxe4 Nxe4 14. Qxe4 Nf6
15. Qe2 c5 16. Rad1 cxd4 17. Nxd4 Qc8 18. Nb5 Bxg2 19. Kxg2 Qb7+ 20. Qf3 Qxf3+
21. Kxf3 a6 22. Nd4 Rac8 23. Rd3 Nh5 24. Be3 g6 25. Ne2 Bc5 26. Bxc5 Rxc5 27.
Rd6 b5 28. Rxa6 bxc4 29. b4 Rd5 30. Rc1 Rd3+ 31. Kg2 Rd2 32. Kf1 Rc8 33. b5 Nf6
34. a4 Ne4 35. f3 Nc5 36. Rc6 Rxc6 37. bxc6 Rd6 38. Rxc4 Rxc6 39. Nc3 Kf8 40.
Ne4 Nxe4 41. Rxc6 Nd2+ 42. Ke2 Nb3 43. Kd3 1-0

[Event "Bayerische EM 2022 - Allgemeine Gruppe"]
[Site "Rosenheim"]
[Date "2022.08.21"]
[Round "1.10"]
[White "Sesselmann, Christoph"]
[Black "Löw, Gerald"]
[Result "0-1"]
[WhiteElo "1880"]
[BlackElo "2153"]
[PlyCount "130"]
[EventDate "2022.??.??"]
[WhiteTeam "SK Kulmbach"]
[BlackTeam "TSV Bindlach Aktionär"]

1. e4 d5 2. exd5 Nf6 3. d4 Nxd5 4. c4 Nb6 5. Nf3 g6 6. Nc3 Bg7 7. c5 Nd5 8. Bc4
Nxc3 9. bxc3 O-O 10. O-O Nc6 11. Re1 Bg4 12. Bg5 h6 13. Bh4 g5 14. Bg3 e5 15.
d5 Na5 16. Be2 e4 17. Nd4 Bxe2 18. Qxe2 Qxd5 19. Bxc7 Qxc5 20. Bxa5 Qxa5 21.
Qxe4 Qxc3 22. Nf5 b6 23. Rac1 Qb2 24. Rc2 Qb5 25. a4 Qd7 26. Qg4 Rfe8 27. Rec1
Rad8 28. h4 Re5 29. Rc8 Kh7 30. Rxd8 Qxd8 31. Nxg7 Kxg7 32. Rc8 Re1+ 33. Kh2
Qd6+ 34. Qg3 Qxg3+ 35. Kxg3 Re4 36. a5 Rxh4 37. Rc7 bxa5 38. Rxa7 a4 39. Ra6
Rb4 40. Kh2 f6 41. f3 h5 42. Kh3 h4 43. Kh2 Rf4 44. g3 hxg3+ 45. Kxg3 Kf7 46.
Rd6 Ke7 47. Rd5 Ke6 48. Rd8 Ke5 49. Rd7 Rd4 50. Ra7 Kd5 51. Ra5+ Kc6 52. Kf2
Kb6 53. Ra8 Rf4 54. Ke3 Kb5 55. Rb8+ Kc4 56. Rc8+ Kb3 57. Rb8+ Rb4 58. Rd8 a3
59. Rd3+ Ka4 60. Rd2 Rb2 61. Rd4+ Kb3 62. Rd3+ Kb4 63. Rd4+ Kc5 64. Ra4 a2 65.
Ke4 Rb4+ 0-1

[Event "Bayerische EM 2022 - Allgemeine Gruppe"]
[Site "Rosenheim"]
[Date "2022.08.21"]
[Round "1.11"]
[White "Michalek, Michal"]
[Black "Vuckovic, Robert"]
[Result "1-0"]
[WhiteElo "2153"]
[BlackElo "1846"]
[PlyCount "145"]
[EventDate "2022.??.??"]
[WhiteTeam "1.FC Marktleuthen"]
[BlackTeam "SF Augsburg"]

1. d4 Nf6 2. Nf3 e6 3. c4 d5 4. g3 dxc4 5. Bg2 Nc6 6. Qa4 Bd7 7. Qxc4 Na5 8.
Qc2 Rc8 9. O-O c5 10. Nc3 b5 11. dxc5 Bxc5 12. Qd3 b4 13. Ne4 Nxe4 14. Qxe4 Bc6
15. Qe5 Bxf3 16. Bxf3 O-O 17. Qg5 Qb6 18. Qg4 Bd4 19. Bg5 Rc4 20. Qh3 Bxb2 21.
Rab1 Bd4 22. e3 Bc5 23. Be2 Rc3 24. Qg4 e5 25. Qe4 h6 26. Bh4 g5 27. Bxg5 hxg5
28. Qxe5 Qg6 29. Rbc1 Rxc1 30. Rxc1 Bb6 31. Bf3 f6 32. Qe6+ Kg7 33. Rd1 Rf7 34.
Rd6 Nb7 35. Be4 Nc5 36. Bxg6 Nxe6 37. Bxf7 Kxf7 38. h3 Nc5 39. Rd2 Ne4 40. Rc2
Ke6 41. Rc4 Nc3 42. a3 Nd5 43. axb4 Kd6 44. h4 gxh4 45. gxh4 Ke7 46. Kg2 Kf7
47. Kf3 Kg6 48. Ke4 Ne7 49. Rc1 Kh5 50. b5 Kxh4 51. Rg1 Kh5 52. Rg7 Bc5 53. f4
Kh6 54. Rg3 Kh7 55. Rg2 Bb6 56. Rd2 Kg7 57. f5 Kf7 58. Rd3 Ke8 59. Rd6 Kf7 60.
Rd3 Ke8 61. Rd6 Kf7 62. Rd3 Ke8 63. Rd1 Kf7 64. Rd6 Ke8 65. Rxf6 Bxe3 66. Re6
Bg5 67. f6 Bxf6 68. Rxf6 Nc8 69. Kd5 Ke7 70. Rh6 Kd7 71. Rh7+ Kd8 72. Kc6 Nb6
73. Rxa7 1-0

[Event "Bayerische EM 2022 - Allgemeine Gruppe"]
[Site "Rosenheim"]
[Date "2022.08.21"]
[Round "1.12"]
[White "Bruss, Robert"]
[Black "Böhme, Sebastian"]
[Result "0-1"]
[WhiteElo "1845"]
[BlackElo "2198"]
[PlyCount "74"]
[EventDate "2022.??.??"]
[WhiteTeam "SV Altensittenbach"]
[BlackTeam "SC Erlangen"]

1. d4 Nf6 2. c4 e6 3. Nc3 d5 4. cxd5 Nxd5 5. e4 Nxc3 6. bxc3 c5 7. Nf3 cxd4 8.
cxd4 Bb4+ 9. Bd2 Bxd2+ 10. Qxd2 O-O 11. Be2 b6 12. O-O Bb7 13. Qe3 Nd7 14. e5
h6 15. Rfd1 Rc8 16. Bd3 Bd5 17. Be4 Nb8 18. a3 Nc6 19. Bxd5 Qxd5 20. Rd3 Na5
21. Rc3 Rc4 22. h3 b5 23. Rac1 Rd8 24. a4 bxa4 25. Rxc4 Nxc4 26. Qc3 Nb6 27.
Qb4 Qd7 28. Rc5 Rc8 29. Qa5 Rxc5 30. dxc5 Qd5 31. Qb5 a3 32. Qe8+ Kh7 33. Qxf7
Qd7 34. Qxd7 Nxd7 35. Nd4 a2 36. Nc2 Nxc5 37. Kf1 Nb3 0-1

[Event "Bayerische EM 2022 - Allgemeine Gruppe"]
[Site "Rosenheim"]
[Date "2022.08.21"]
[Round "1.13"]
[White "Straub, Jürgen"]
[Black "Wagner, Tizian"]
[Result "1-0"]
[WhiteElo "2126"]
[BlackElo "1806"]
[PlyCount "53"]
[EventDate "2022.??.??"]
[WhiteTeam "TSV Ingolstadt Nord"]
[BlackTeam "SV Seubelsdorf"]

1. e4 c5 2. Nf3 Nc6 3. d4 cxd4 4. Nxd4 e5 5. Nb5 Nf6 6. N1c3 d6 7. a4 a6 8. Na3
Be7 9. Nc4 Be6 10. Ne3 Nd4 11. Bc4 O-O 12. O-O Rc8 13. Bxe6 fxe6 14. f4 Qb6 15.
Kh1 exf4 16. Rxf4 Nd7 17. Ned5 exd5 18. Nxd5 Qd8 19. Qxd4 Rxc2 20. Qd3 Rf2 21.
Be3 Rxb2 22. Bd4 Ne5 23. Rxf8+ Qxf8 24. Qd1 Ng4 25. Qxg4 Rd2 26. Be3 Bf6 27.
Qe6+ 1-0

[Event "Bayerische EM 2022 - Allgemeine Gruppe"]
[Site "Rosenheim"]
[Date "2022.08.21"]
[Round "1.14"]
[White "Stöttner, Lukas"]
[Black "Böhme, Markus"]
[Result "0-1"]
[WhiteElo "1972"]
[BlackElo "2170"]
[PlyCount "77"]
[EventDate "2022.??.??"]
[WhiteTeam "SK Landau-Dingolfing"]
[BlackTeam "SC Uttenreuth"]

1. e4 c6 2. d4 d5 3. e5 c5 4. Nf3 cxd4 5. Nxd4 Nc6 6. Nxc6 bxc6 7. Be3 e6 8.
Bd3 Ne7 9. O-O Ng6 10. f4 c5 11. c3 Be7 12. Nd2 O-O 13. Nf3 a5 14. Rc1 Ba6 15.
c4 d4 16. Bd2 Bb7 17. Qe2 Qc7 18. Rce1 a4 19. Bc1 Rae8 20. Nd2 f5 21. exf6 Rxf6
22. Ne4 Rf7 23. Qh5 Qc6 24. Re2 Nf8 25. h4 g6 26. Qg4 Rg7 27. Nd2 Qd7 28. Nf3
Bxf3 29. Rxf3 Bf6 30. h5 e5 31. f5 gxh5 32. Qxh5 Qf7 33. Qh3 Bg5 34. f6 Bxf6
35. Bh6 e4 36. Bxg7 exf3 37. Rxe8 f2+ 38. Kh2 Qxg7 39. Qg3 0-1

[Event "Bayerische EM 2022 - Allgemeine Gruppe"]
[Site "Rosenheim"]
[Date "2022.08.21"]
[Round "1.15"]
[White "Hinterreiter, Markus"]
[Black "Gode, Gero"]
[Result "1-0"]
[WhiteElo "2119"]
[BlackElo "1754"]
[PlyCount "127"]
[EventDate "2022.??.??"]
[WhiteTeam "TSV Trostberg"]
[BlackTeam "SK Mering"]

1. e4 c5 2. Nf3 a6 3. c3 e6 4. d4 d5 5. exd5 exd5 6. Bd3 Bd6 7. dxc5 Bxc5 8.
O-O Ne7 9. Nbd2 Nbc6 10. Nb3 Ba7 11. Bf4 Bg4 12. Re1 Qd7 13. h3 Bh5 14. Be2 Bg6
15. Nfd4 O-O 16. Bg4 f5 17. Be2 Nxd4 18. Nxd4 Nc6 19. Nf3 Bf7 20. Ne5 Qd8 21.
Bf3 d4 22. Bxc6 bxc6 23. Nxc6 Qb6 24. Nxa7 Rxa7 25. Qxd4 Qb7 26. c4 Raa8 27.
Rad1 Rfe8 28. b3 Re4 29. Rxe4 fxe4 30. Bc1 Re8 31. Bb2 Bg6 32. Qd7 Re7 33. Qxb7
Rxb7 34. Rd6 Rf7 35. Bc3 e3 36. fxe3 Kf8 37. Rxa6 Bd3 38. Ra8+ Ke7 39. Ra7+ Ke6
40. Rxf7 Kxf7 41. c5 g6 42. c6 Ke6 43. c7 Kd7 44. Be5 Bb1 45. a3 Bc2 46. b4 Ba4
47. Kf2 h6 48. g4 h5 49. gxh5 gxh5 50. Kg3 Kc8 51. Kf4 Kb7 52. Kg5 Bb5 53. Kf6
Bc6 54. Ke7 Kc8 55. Kd6 Bd7 56. h4 Ba4 57. Bd4 Bc6 58. Be5 Ba4 59. Bf4 Bc6 60.
Kc5 Bb7 61. a4 Bc6 62. b5 Kb7 63. bxc6+ Kc8 64. Bg5 1-0

[Event "Bayerische EM 2022 - Allgemeine Gruppe"]
[Site "Rosenheim"]
[Date "2022.08.21"]
[Round "1.16"]
[White "Biedenkopf, Philipp"]
[Black "Redzepovic, Irfan"]
[Result "1-0"]
[WhiteElo "1746"]
[BlackElo "2108"]
[PlyCount "185"]
[EventDate "2022.??.??"]
[WhiteTeam "SK Passau"]
[BlackTeam "SW Nürnberg Süd"]

1. d4 Nf6 2. c4 e6 3. Nf3 Bb4+ 4. Nbd2 d5 5. Qa4+ Nc6 6. e3 Bd7 7. Qc2 Be7 8.
a3 a5 9. b3 O-O 10. Bd3 Qb8 11. O-O g6 12. Bb2 Rd8 13. Rac1 Bf8 14. Rfd1 Bg7
15. e4 a4 16. b4 dxc4 17. Qxc4 Nh5 18. g3 Be8 19. e5 Rc8 20. Ne4 Ne7 21. Nc3 c6
22. Ne4 Rd8 23. Rc2 Nd5 24. Bc1 h6 25. h3 Qa7 26. Bf1 Bf8 27. Nh2 Kh7 28. Ng4
Bg7 29. Kh2 Qb8 30. Qd3 f5 31. exf6 Nhxf6 32. Ne5 Ng8 33. Nf3 Qc7 34. Nc5 Qe7
35. Qe4 Rd6 36. Re1 Bf7 37. Bc4 Ngf6 38. Qh4 Kg8 39. Bxh6 b6 40. Nd3 Ng4+ 41.
Qxg4 Bxh6 42. Nde5 Kg7 43. Bxd5 Rxd5 44. Rxc6 Rf8 45. Kg2 Qb7 46. Rxe6 g5 47.
Nxf7 Rxf7 48. Qe4 Rdf5 49. Qxb7 Rxb7 50. Re7+ Rf7 51. Rxb7 Rxb7 52. Re6 g4 53.
hxg4 Bc1 54. Re2 Rc7 55. Re6 Bxa3 56. Rxb6 Bb2 57. Ra6 a3 58. b5 Rb7 59. b6 Kf6
60. d5 Rb8 61. Kf1 Ke7 62. Nd2 Kd6 63. Nc4+ Kxd5 64. Nxa3 Bd4 65. Kg2 Bxb6 66.
Nc2 Bxf2 67. Kxf2 Rb2 68. Kf3 Rxc2 69. Kf4 Rf2+ 70. Kg5 Ke5 71. Ra5+ Ke6 72.
Rf5 Rh2 73. Kg6 Ke7 74. g5 Ra2 75. Kg7 Ra3 76. g6 Rxg3 77. Re5+ Kd6 78. Re1 Rg2
79. Kf7 Rf2+ 80. Kg8 Rg2 81. g7 Rg3 82. Re2 Rh3 83. Kf7 Rf3+ 84. Kg6 Rg3+ 85.
Kh7 Rh3+ 86. Kg8 Kd7 87. Re4 Rh1 88. Kf7 Rf1+ 89. Kg6 Rg1+ 90. Kf6 Kd6 91. Rd4+
Kc7 92. Rf4 Kd7 93. Kf7 1-0

[Event "Bayerische EM 2022 - Allgemeine Gruppe"]
[Site "Rosenheim"]
[Date "2022.08.21"]
[Round "1.17"]
[White "Sandner, Michael"]
[Black "Sesselmann, Moritz"]
[Result "1/2-1/2"]
[WhiteElo "2089"]
[BlackElo "1704"]
[PlyCount "95"]
[EventDate "2022.??.??"]
[WhiteTeam "SG Traunstein/Traunreut"]
[BlackTeam "SK Kulmbach"]

1. e4 c5 2. Nf3 d6 3. d4 cxd4 4. Nxd4 Nf6 5. Nc3 a6 6. Be3 e5 7. Nb3 Be6 8. f3
Be7 9. Qd2 O-O 10. g4 d5 11. g5 d4 12. gxf6 Bxf6 13. O-O-O dxe3 14. Qg2 Qc7 15.
Bd3 Nd7 16. Rdg1 Nb6 17. Nd1 Rfd8 18. Kb1 Rac8 19. Nxe3 Nc4 20. Bxc4 Bxc4 21.
Nf5 g6 22. Nc1 Be6 23. Nd3 Qc4 24. b3 Qc3 25. h4 Bxf5 26. h5 Be6 27. hxg6 fxg6
28. Rxh7 Qxc2+ 29. Qxc2 Rxc2 30. Rh6 Rc6 31. Rgxg6+ Bg7 32. Nxe5 Rd1+ 33. Kb2
Rc5 34. Rxg7+ Kxg7 35. Rxe6 Rd2+ 36. Ka3 Ra5+ 37. Kb4 Rdxa2 38. f4 Rb5+ 39. Kc3
Ra3 40. Kd4 Rb4+ 41. Kd5 Rb5+ 42. Kd6 Rb6+ 43. Ke7 Rxe6+ 44. Kxe6 Rxb3 45. Nd7
Rb4 46. Kd5 Rb5+ 47. Ke6 Rb4 48. Kd5 1/2-1/2

[Event "Bayerische EM 2022 - Allgemeine Gruppe"]
[Site "Rosenheim"]
[Date "2022.08.21"]
[Round "1.18"]
[White "Stöttner, Moritz"]
[Black "Monninger, Moritz"]
[Result "1/2-1/2"]
[WhiteElo "1906"]
[BlackElo "2071"]
[PlyCount "69"]
[EventDate "2022.??.??"]
[WhiteTeam "SK Landau-Dingolfing"]
[BlackTeam "SK Herzogenaurach"]

1. e4 d5 2. exd5 Qxd5 3. Nc3 Qa5 4. d4 Nf6 5. Nf3 Bf5 6. Bd2 e6 7. Ne5 Qb6 8.
Qf3 c6 9. O-O-O Nbd7 10. Bd3 Bxd3 11. Qxd3 Nxe5 12. dxe5 Ng4 13. Ne4 Nxe5 14.
Qg3 Nd7 15. Bg5 f6 16. Nd6+ Bxd6 17. Qxd6 O-O-O 18. Be3 Qc7 19. Qxe6 Rhe8 20.
Qh3 h6 21. Qg4 g5 22. Kb1 Kb8 23. h4 Ne5 24. Qa4 b6 25. hxg5 hxg5 26. b3 Rxd1+
27. Rxd1 Rd8 28. Rxd8+ Qxd8 29. Bd4 Qd5 30. Bxe5+ Qxe5 31. Qxc6 Qe1+ 32. Kb2
Qxf2 33. Qe8+ Kb7 34. Qd7+ Kb8 35. Qd8+ 1/2-1/2

[Event "Bayerische EM 2022 - Allgemeine Gruppe"]
[Site "Rosenheim"]
[Date "2022.08.21"]
[Round "1.19"]
[White "Ritzka, Simon"]
[Black "Bratu, Mircea"]
[Result "1-0"]
[WhiteElo "2057"]
[BlackElo "1684"]
[PlyCount "95"]
[EventDate "2022.??.??"]
[WhiteTeam "SC Roter Turm Altstadt"]
[BlackTeam "SG Schwabing München"]

1. e4 c5 2. c3 d5 3. exd5 Nf6 4. Nf3 Nxd5 5. d4 cxd4 6. Qxd4 e6 7. Ne5 Nd7 8.
Bb5 a6 9. Bxd7+ Bxd7 10. Nxd7 Qxd7 11. O-O Rc8 12. Nd2 Nf6 13. Qxd7+ Nxd7 14.
Nf3 Bc5 15. Bg5 f6 16. Be3 Ke7 17. Rfe1 Rhd8 18. Nd4 e5 19. Nf5+ Kf8 20. c4
Bxe3 21. Nxe3 Nc5 22. Re2 Ne6 23. b3 Nd4 24. Rb2 e4 25. Kf1 f5 26. Rd1 g6 27.
Rbd2 Ne6 28. Rd7 Rxd7 29. Rxd7 Rc7 30. Rd6 Ke7 31. Rb6 Rd7 32. Nd5+ Kf7 33. Ke2
Nd4+ 34. Ke3 Nc6 35. g4 fxg4 36. Kxe4 Ne7 37. Nf6 Rd2 38. Nxg4 h5 39. Ne5+ Ke8
40. Rxb7 Re2+ 41. Kd4 Nf5+ 42. Kd5 Ne7+ 43. Kd6 Nf5+ 44. Ke6 Nd4+ 45. Kd5 Nf5
46. f4 Rxa2 47. Ke6 Nd4+ 48. Kf6 1-0

[Event "Bayerische EM 2022 - Allgemeine Gruppe"]
[Site "Rosenheim"]
[Date "2022.08.21"]
[Round "1.20"]
[White "Rosenboom, Niko"]
[Black "Kocak, Ediz"]
[Result "0-1"]
[WhiteElo "1678"]
[BlackElo "2080"]
[PlyCount "54"]
[EventDate "2022.??.??"]
[WhiteTeam "SGem Fürth"]
[BlackTeam "SGem Fürth"]

1. e4 c6 2. d4 d5 3. exd5 cxd5 4. c4 Nf6 5. Nc3 Nc6 6. Bg5 dxc4 7. d5 Ne5 8.
Qd4 h6 9. Bh4 Ng6 10. Bxf6 exf6 11. Bxc4 Bd6 12. Nge2 O-O 13. O-O Bd7 14. Bb5
Bc8 15. Bc4 f5 16. Qd3 Bxh2+ 17. Kxh2 Qh4+ 18. Kg1 Ne5 19. Qd4 Qxd4 20. Nxd4
Nxc4 21. b3 Nd6 22. Rfe1 Bd7 23. Re7 Rad8 24. Rc1 Rfe8 25. Rxe8+ Rxe8 26. Na4
Bxa4 27. bxa4 Re4 0-1

[Event "Bayerische EM 2022 - Allgemeine Gruppe"]
[Site "Rosenheim"]
[Date "2022.08.21"]
[Round "1.21"]
[White "Brunner, Tobias"]
[Black "Duong, Quang Bach"]
[Result "1-0"]
[WhiteElo "2050"]
[BlackElo "1525"]
[PlyCount "53"]
[EventDate "2022.??.??"]
[WhiteTeam "SC Windischeschenbach"]
[BlackTeam "SK Nürnberg"]

1. e4 c5 2. Nc3 Nc6 3. g3 g6 4. Bg2 Bg7 5. d3 d6 6. f4 e6 7. Nf3 d5 8. O-O dxe4
9. dxe4 Bxc3 10. bxc3 Qxd1 11. Rxd1 Nge7 12. Nd2 e5 13. Nc4 O-O 14. fxe5 Be6
15. Nd6 Rfd8 16. Bg5 Rd7 17. Bf6 Kf8 18. a4 Ng8 19. Bh8 Rad8 20. Rf1 f6 21.
Bxf6 Nxf6 22. Rxf6+ Ke7 23. Rxe6+ Kxe6 24. Bh3+ Kxe5 25. Nc4+ Kxe4 26. Re1+ Kd5
27. Be6# 1-0

[Event "Bayerische EM 2022 - Allgemeine Gruppe"]
[Site "Rosenheim"]
[Date "2022.08.22"]
[Round "2.1"]
[White "Löw, Gerald"]
[Black "Kolb, Tobias"]
[Result "0-1"]
[WhiteElo "2153"]
[BlackElo "2355"]
[PlyCount "84"]
[EventDate "2022.??.??"]
[WhiteTeam "TSV Bindlach Aktionär"]
[BlackTeam "SC Bamberg"]

1. c4 e6 2. g3 d5 3. Bg2 Nf6 4. Nf3 Be7 5. d4 O-O 6. Nc3 c6 7. O-O Nbd7 8. Qd3
b6 9. e4 dxe4 10. Nxe4 Bb7 11. Nc3 c5 12. d5 exd5 13. cxd5 Bd6 14. Re1 a6 15.
a4 Qc7 16. b3 Rad8 17. Bb2 Rfe8 18. Rxe8+ Rxe8 19. Rd1 Ne5 20. Qc2 Nxf3+ 21.
Bxf3 Be5 22. Ne2 Bxb2 23. Qxb2 Qe5 24. Qxe5 Rxe5 25. Nc3 Kf8 26. Kf1 Ke8 27.
Be2 Nxd5 28. Nxd5 Rxd5 29. Re1 Kd8 30. Bc4 Rd7 31. Re5 Re7 32. Rh5 h6 33. Rf5
f6 34. h4 Kc7 35. g4 Re5 36. Rxe5 fxe5 37. Ke2 Kd6 38. Ke3 Bd5 39. Bxa6 Bxb3
40. Bb5 Be6 41. g5 hxg5 42. hxg5 Bd7 0-1

[Event "Bayerische EM 2022 - Allgemeine Gruppe"]
[Site "Rosenheim"]
[Date "2022.08.22"]
[Round "2.2"]
[White "Miller, Eduard"]
[Black "Michalek, Michal"]
[Result "1-0"]
[WhiteElo "2353"]
[BlackElo "2153"]
[PlyCount "91"]
[EventDate "2022.??.??"]
[WhiteTeam "SC Erlangen"]
[BlackTeam "1.FC Marktleuthen"]

1. e4 e5 2. f4 d5 3. exd5 exf4 4. Nf3 Nf6 5. Bb5+ c6 6. dxc6 Nxc6 7. Nc3 Bd6 8.
Qe2+ Be6 9. Bxc6+ bxc6 10. Nd4 Qd7 11. Nxe6 fxe6 12. b3 O-O 13. Bb2 Rae8 14.
O-O-O Kh8 15. Rhe1 e5 16. Ne4 Nxe4 17. Qxe4 h6 18. Re2 Bb8 19. Rde1 Re6 20. Qf3
Rfe8 21. Re4 R6e7 22. Qh5 Qe6 23. Bc3 Kh7 24. Kb1 Qg6 25. Qf3 Re6 26. d3 Bc7
27. a4 Bb8 28. Qe2 c5 29. Bd2 Rf6 30. Bxf4 Ref8 31. Bg3 Bc7 32. Qd2 Rf5 33. Qc3
Qa6 34. Qxc5 Ba5 35. Rxe5 Rxe5 36. Bxe5 Rc8 37. Qe7 Qg6 38. Re2 Re8 39. Qxa7
Bb6 40. Qd7 Bg1 41. d4 Bxh2 42. Qd5 Qa6 43. Qb5 Qe6 44. Qd3+ g6 45. Re3 Bg1 46.
Rf3 1-0